Pokémon GO: Highest CP Poison-type Pokémon - Statistics

General Stats
  • This quiz has been taken 45 times
  • The average score is 17 of 20
Answer Stats
Max CP Answer % Correct
4181 Mega Venusaur
100%
3075 Venusaur
100%
2773 Drapion
94%
3117 Muk
94%
3117 Muk (Alolan)
94%
4465 Nihilego
94%
3254 Gengar
88%
4902 Mega Gengar
88%
2766 Scolipede
88%
2893 Vileplume
88%
3824 Mega Beedrill
82%
3330 Overqwil
82%
3359 Roserade
82%
3643 Sneasler
82%
2902 Nidoking
76%
2812 Nidoqueen
76%
2802 Salazzle
76%
2992 Crobat
71%
2813 Toxicroak
71%
3072 Slowking (Galarian)
35%
No matching quizzes found
Score Distribution
Percent of People with Each Score
Percentile by Number Answered
Your Score History
You have not taken this quiz